| 000 | 00359nam a22001457a 4500 | ||
|---|---|---|---|
| 020 | _a81-8482-050-X | ||
| 082 |
_a823 _bPAI/M |
||
| 100 | _aPAI, ANAT | ||
| 245 |
_aTHE MOUSE MERCHANT _bA JATAKA TALE |
||
| 260 |
_aMUMBAI _bAMARVHITHRA KATHA PVT. LTD |
||
| 300 | _a31 | ||
| 520 | _aENGLISH SHORT STORIES | ||
| 650 |
_aENGLISH SHORT STORIES _zMUMBAI |
||
| 942 | _cBK | ||
| 999 |
_c5194 _d5194 |
||